[Event "Augustow op"]
[Site "Augustow"]
[Date "2004.??.??"]
[Round "1"]
[White "Kadaj, Maciej"]
[Black "Zajcewa, Kira"]
[Result "1-0"]
[WhiteElo "1600"]
[BlackElo "1400"]
[PlyCount "111"]
[EventDate "2004.08.??"]
[EventType "swiss"]
[EventRounds "9"]
[EventCountry "POL"]
[SourceTitle "EXT 2008"]
[Source "ChessBase"]
[SourceDate "2007.11.25"]
[SourceVersion "1"]
[SourceVersionDate "2007.11.25"]
[SourceQuality "1"]

1. e4 e5 2. Nf3 Nf6 3. Nxe5 d6 4. Nf3 Nxe4 5. Bd3 Nf6 6. Nc3 Be7 7. 0-0 0-0 8. h3 Nc6 9. Bb5 Bd7 10. d3 a6 11. Bc4 Bf5 12. Nh4 Be6 13. Bxe6 fxe6 14. Nf3 d5 15. Re1 d4 16. Ne4 Nxe4 17. Rxe4 Qd5 18. Qe2 Rf6 19. Bg5 Rf7 20. Bxe7 Rxe7 21. Ne5 Rf8 22. Nxc6 bxc6 23. Re5 Qd6 24. Re1 Rf6 25. a3 c5 26. f4 Qb6 27. b3 Kf7 28. f5 Rxf5 29. Rxf5+ exf5 30. Qxe7+ Kg6 31. Qe6+ Qxe6 32. Rxe6+ Kf7 33. Rxa6 Ke7 34. Rc6 Kd7 35. Rxc5 f4 36. Rf5 Ke6 37. Rxf4 Ke5 38. Rf7 g5 39. Rxc7 h5 40. Rc5+ Kf4 41. Rxg5 Kxg5 42. a4 Kf6 43. a5 Ke6 44. a6 Kd5 45. a7 Kc5 46. a8Q Kb4 47. Qa4+ Kc3 48. Kf2 Kxc2 49. Qc4+ Kd2 50. b4 h4 51. b5 Kd1 52. b6 Kd2 53. b7 Kd1 54. b8R Kd2 55. Rb2+ Kd1 56. Qc2# 1-0

[Event "Augustow op"]
[Site "Augustow"]
[Date "2004.??.??"]
[Round "9"]
[White "Zajcewa, Kira"]
[Black "Filipkowska, Olga"]
[Result "0-1"]
[WhiteElo "1400"]
[BlackElo "1600"]
[PlyCount "58"]
[EventDate "2004.08.??"]
[EventType "swiss"]
[EventRounds "9"]
[EventCountry "POL"]
[SourceTitle "EXT 2008"]
[Source "ChessBase"]
[SourceDate "2007.11.25"]
[SourceVersion "1"]
[SourceVersionDate "2007.11.25"]
[SourceQuality "1"]

1. e4 e5 2. Nf3 Nc6 3. Nc3 Nf6 4. d4 exd4 5. Nxd4 Bc5 6. Nf3 Ng4 7. Be3 Bxe3 8. fxe3 Nxe3 9. Qd2 Ng4 10. 0-0-0 d6 11. Bc4 Be6 12. Bb3 Qd7 13. Qg5 Nf2 14. Qxg7 0-0-0 15. Rhf1 Nxd1 16. Rxd1 Rdg8 17. Qf6 Bxb3 18. axb3 Qe6 19. Qxe6+ fxe6 20. g3 e5 21. Nd5 Rf8 22. Ng5 Rf2 23. h3 h5 24. h4 Rg2 25. Rd3 Rf8 26. Nc3 Rff2 27. Kd1 Nb4 28. Re3 Nxc2 29. Rd3 Rf1# 0-1

[Event "Augustow op"]
[Site "Augustow"]
[Date "2004.??.??"]
[Round "4"]
[White "Zajcewa, Kira"]
[Black "Renkowski, Piotr"]
[Result "1-0"]
[WhiteElo "1400"]
[BlackElo "1400"]
[PlyCount "65"]
[EventDate "2004.08.??"]
[EventType "swiss"]
[EventRounds "9"]
[EventCountry "POL"]
[SourceTitle "EXT 2008"]
[Source "ChessBase"]
[SourceDate "2007.11.25"]
[SourceVersion "1"]
[SourceVersionDate "2007.11.25"]
[SourceQuality "1"]

1. e4 e5 2. Nf3 Nc6 3. Nc3 Bc5 4. Nxe5 Nxe5 5. d4 Bxd4 6. Qxd4 Nc6 7. Qd1 d6 8. Bc4 Nf6 9. 0-0 Ng4 10. h3 Nge5 11. Bb3 Bxh3 12. gxh3 Qf6 13. Kh1 Qh4 14. Kh2 Nd4 15. Ba4+ c6 16. f4 Nef3+ 17. Rxf3 Nxf3+ 18. Qxf3 g5 19. fxg5 h6 20. gxh6 Rg8 21. Nd5 Qe1 22. Nf6+ Ke7 23. Nxg8+ Rxg8 24. Bg5+ Rxg5 25. Rxe1 b5 26. Bb3 a5 27. Qxf7+ Kd8 28. Qf6+ Ke8 29. Qxg5 a4 30. Be6 a3 31. Qg8+ Ke7 32. Qf7+ Kd8 33. Qd7# 1-0